Estadísticas para Adivina los filósofos

Haz click aquí para intentar la prueba.

Estadísticas generales

  • Esta prueba ha sido intentada 49 veces
  • La puntuación promedio es 8 de 30

Estadísticas de respuestas

PistaRespuesta% Correcto
Profesor de Alejandro MagnoAristóteles
87%
Aconsejó a un príncipe sobre cómo mantenerse en el poderMaquiavelo
64%
Gran crítico de la religión que escribió El Capital con Karl MarxFriedrich Engels
56%
Describió la ley de gravitación universal en su libro Philosophiæ naturalis principia mathematicaIsaac Newton
56%
Empirista inglés que despertó a Immanuel Kant de su sueño dogmáticoDavid Hume
54%
Prefirió tomar cicuta a arrodillarse ante sus denunciantesSócrates
51%
Este oscuro filósofo presocrático contemplaba el constante cambio del mundoHeráclito
46%
Filósofo danés padre del existencialismo, trabajó sobre la angustia, el erotismo y la libertadKierkegaard
38%
Sentó las bases del "Contractualismo" por el temor al monstruo LeviathanThomas Hobbes
36%
¡Sapere aude! ¡Ten valor de servirte de tu propio entendimiento!Immanuel Kant
31%
La filosofía solo son "notas a pie" de la obra de este filósofoPlatón
31%
Escribió una carta a Meneceo en la que aseguraba que no debíamos temer a la muerteEpicuro
28%
Influyente autor de la Revolución Francesa, murió solo y apartado como confesó en sus Ensoñaciones de un paseante solitarioRousseau
28%
Filosofar con el martilloFriedrich Nietzsche
26%
Desarrolló una teoría sobre el DaseinMartin Heidegger
21%
Fundamentó su teoría sobre la "nous" en las "spermata" que luego Aristóteles denominaría "homeomerías"Anaxágoras
18%
Rebelde es el hombre que dice "no"Albert Camus
15%
Le quemaron en 1600 por sostener teorías sobre los infinitos mundosGiordano Bruno
15%
Describió de manera maravillosa la Historia de la locuraMichel Foucault
13%
Su criterio de verdad se sostenía en la claridad y distinciónRené Descartes
13%
¡De lo que no se puede hablar hay que callar la boca!Ludwig Wittgenstein
10%
Pulidor de lentes que proclamaba el conatus autoconscienteSpinoza
10%
Desplumó una gallina para demostrar a Platón que el hombre no es el único "bípedo implume"Diógenes de Sinope
8%
El lucero nocturno y el lucero diurno provocaron a este filósofo un sonado problema de la filosofía del lenguajeGottlob Frege
5%
Le costó cuatro capítulos llegar a la autoconscienciaHegel
5%
Filosofa que escribió La mujer en el siglo XIXMargaret Fuller
5%
¡Que nada se sabe!Francisco Sánchez
3%
Primer filósofo en hablar de "fenomenología"Friedrich Christoph Oetinger
3%
Filósofo pesimista y realista chino que desarrollo una filosofía política parecida a la de Hobbes durante la época de los Reinos combatientes.Mozi
3%
Pensador taoísta que prefería mover la cola en el fango como la tortuga de ChouZhuangzi
3%

Distribución de puntuación

Porcentaje por número respondido

Porcentaje de gente con cada puntuación

Historial de tus puntuaciones

No has intentado esta prueba.